Online Catalogue and eLibrary

Women growing older : (Record no. 745)

MARC details
000 -LEADER
fixed length control field 00504nam a2200193Ia 4500
005 - DATE AND TIME OF LATEST TRANSACTION
control field 20240705024519.0
008 - FIXED-LENGTH DATA ELEMENTS--GENERAL INFORMATION
fixed length control field 240331s9999 xx 000 0 und d
020 ## - INTERNATIONAL STANDARD BOOK NUMBER
ISBN 0803939876
082 ## - DDC Classification
Class No. 155
Item Number - Author Mark WOM
100 ## - MAIN ENTRY--PERSONAL NAME
Personal name Turner, B.F
245 #0 - TITLE STATEMENT
Title Women growing older :
Remainder of title pychologycal perspectives
260 ## - PUBLICATION, DISTRIBUTION, ETC.
Place of publication, distribution, etc. California
Name of publisher, distributor, etc. Sage Publications, Inc
Date of publication, distribution, etc. 1994
300 ## - PHYSICAL DESCRIPTION
Extent (e.g. Volumes, Pages etc.) 282 p .,
650 ## - SUBJECT ADDED ENTRY--TOPICAL TERM
Topical term or geographic name entry element Women
650 ## - SUBJECT ADDED ENTRY--TOPICAL TERM
Topical term or geographic name entry element Social
700 ## - ADDED ENTRY--PERSONAL NAME
Personal name F. Turner, Barbara
Relator term (Role) Editor
700 ## - ADDED ENTRY--PERSONAL NAME
Personal name E. Troll, Lilliane
Relator term (Role) Editor
942 ## - Koha item type (Biblio)
Koha item type Books in Stacks (Lending)
Holdings
Lost status Damaged status Collection code Home library Current library Shelving location Date acquired Full call number Accession Number Item type
    Lending WERC Library WERC Library Social Science Cupboard 03/31/2024 155 WOM 3387 Books in Stacks (Lending)

© WERC Library